| 000 | 00435nam a22001697a 4500 | ||
|---|---|---|---|
| 003 | NUST - PNEC | ||
| 005 | 20170116181105.0 | ||
| 008 | 151003b xxu||||| |||| 00| 0 eng d | ||
| 040 | _cLIBRARY | ||
| 082 | _a670.423 BUR | ||
| 100 |
_912625 _a Burghardt, Henry D |
||
| 245 |
_aMachine tool operation _c Burghardt, Henry D |
||
| 250 | _a5th ed. | ||
| 260 | _cc.1959 | ||
| 650 |
_912620 _bMechanical engineering _xME |
||
| 942 |
_2ddc _cBK |
||
| 999 |
_c68922 _d68922 |
||